The Book You Wish Your Parents Had Read ( and Your Children Will be Glad That You Did) (Record no. 2496)
[ view plain ]
| 000 -LEADER | |
|---|---|
| fixed length control field | 00589nam a22002057a 4500 |
| 003 - CONTROL NUMBER IDENTIFIER | |
| control field | OSt |
| 005 - DATE AND TIME OF LATEST TRANSACTION | |
| control field | 20251219125202.0 |
| 008 - FIXED-LENGTH DATA ELEMENTS--GENERAL INFORMATION | |
| fixed length control field | 251219b |||||||| |||| 00| 0 eng d |
| 020 ## - INTERNATIONAL STANDARD BOOK NUMBER | |
| International Standard Book Number | 9780241251027 |
| 040 ## - CATALOGING SOURCE | |
| Original cataloging agency | KMU |
| Language of cataloging | eng |
| Transcribing agency | KMU |
| Modifying agency | KMU |
| Description conventions | rda |
| 050 ## - LIBRARY OF CONGRESS CALL NUMBER | |
| Classification number | HQ755.8 |
| 100 ## - MAIN ENTRY--PERSONAL NAME | |
| Personal name | Perry, Philipa |
| 245 ## - TITLE STATEMENT | |
| Title | The Book You Wish Your Parents Had Read ( and Your Children Will be Glad That You Did) |
| Statement of responsibility, etc. | Philippa Perry |
| 260 ## - PUBLICATION, DISTRIBUTION, ETC. | |
| Place of publication, distribution, etc. | UK: |
| Name of publisher, distributor, etc. | Penguin Life, |
| Date of publication, distribution, etc. | 2020. |
| 300 ## - PHYSICAL DESCRIPTION | |
| Extent | iv, 268 pages; |
| Dimensions | 20 cm |
| 690 ## - LOCAL SUBJECT ADDED ENTRY--TOPICAL TERM (OCLC, RLIN) | |
| Topical term or geographic name as entry element | Parenting |
| 690 ## - LOCAL SUBJECT ADDED ENTRY--TOPICAL TERM (OCLC, RLIN) | |
| Topical term or geographic name as entry element | Child Development |
| 690 ## - LOCAL SUBJECT ADDED ENTRY--TOPICAL TERM (OCLC, RLIN) | |
| Topical term or geographic name as entry element | Psychology |
| 942 ## - ADDED ENTRY ELEMENTS (KOHA) | |
| Source of classification or shelving scheme | Library of Congress Classification |
| Koha item type | Non-Fiction |
| Suppress in OPAC | No |
| Withdrawn status | Lost status | Source of classification or shelving scheme | Damaged status | Not for loan | Collection | Home library | Current library | Shelving location | Date acquired | Source of acquisition | Total Checkouts | Full call number | Barcode | Date last seen | Price effective from | Koha item type |
|---|---|---|---|---|---|---|---|---|---|---|---|---|---|---|---|---|
| Library of Congress Classification | Non-fiction | Kapasa Makasa University | Kapasa Makasa University | Open Access | 19.12.2025 | ZLS | HQ755.8 Per | 301409 | 10.02.2026 | 19.12.2025 | Non-Fiction |